| 000 | 01460cad a22002895a 4500 | ||
|---|---|---|---|
| 001 | L140832 | ||
| 008 | 071015s2007 xxk f 000 0 eng d | ||
| 035 | _a(Sirsi) u140832 | ||
| 041 | 0 | _aeng | |
| 050 | 0 | 4 | _a692.2 $2 18 |
| 110 | 1 |
_aUnited Kingdom _bDepartment for Environment, Food and Rural Affairs |
|
| 245 | 0 | 0 |
_aConsultation on the review of the Home Energy Conservation Act 1995 (HECA) _bOctober 2007 _h[electronic resource] |
| 260 |
_aLondon _bDEFRA _c2007 |
||
| 520 | _aSets out the Government's views on climate change and the need to review the legislation aimed at limiting emissions. Reviews the purpose and effects of the Act. Examines its effectiveness as it is implemented in England. Examines drawbacks in its reporting process. Considers future requirements and options for the future of the Act. Responses are due by 3 January 2008. | ||
| 590 | _aKA | ||
| 650 | 2 | 4 | _aHOME ENERGY CONSERVATION ACT 1995 |
| 650 | 2 | 4 | _aLOCAL GOVERNMENT WHITE PAPER |
| 650 | 2 | 4 | _aSTERN REVIEW ON THE ECONOMICS OF CLIMATE CHANGE |
| 650 | 2 | 4 | _aCLIMATE CHANGE BILL 2007 |
| 650 | 2 | 4 | _aENERGY CONSERVATION ACT 1996 |
| 650 | 2 | 4 | _aHOUSING ACT 1985 |
| 650 | 2 | 4 | _aSUSTAINABLE ENERGY ACT 2003 |
| 651 | 4 |
_aUnited Kingdom _y |
|
| 690 | _aENVIRONMENTAL AND LAND CONSULTANCY-ENERGY-ENERGY USE-ENERGY EFFICIENCY | ||
| 856 | 4 | 0 |
_uhttps://www.defra.gov.uk/corporate/consult/heca/index.htm _zView the consultation free of charge at www.defra.gov.uk... |
| 942 | _n0 | ||
| 999 |
_c107545 _d107545 |
||